000 00546nam a2200181Ia 4500
008 151018s9999 xx 000 0 und d
082 _bRBASDV5057
_a891.464
100 _aना ह आपटे
245 _aआपण आहोत माणस
250 _b1
260 _bआपटे आणि मंडळीÇ
_c1961
300 _a141
600 _aना ह आपटे
630 _aआपण आहोत माणस
700 _aना ह आपटे
730 _aआपण आहोत माणस
942 _cBOOK
999 _c1007441
_d1007438